| 000 | 00575cab a22001695a 4500 | ||
|---|---|---|---|
| 001 | L157777 | ||
| 008 | 130514e2013 xxk 000 0 eng d | ||
| 035 | _a(Sirsi) u157777 | ||
| 041 | 0 | _aeng | |
| 100 | 1 | _aBranson, Adam | |
| 245 | 0 | 0 |
_aGreen for growth 1 _bdisplay energy certificates |
| 260 | _c2013 | ||
| 490 |
_aBuilding _v(278) 25 January 2013, 32-34(3) |
||
| 520 | _aPart one of the Green for Growth series. Industry figures are asked why it is vital to make accurate measurements of energy performance public knowledge | ||
| 690 | _aEnergy Performance | ||
| 942 | _n0 | ||
| 999 |
_c84460 _d84460 |
||